000 00556nam a2200169 i 4500
001 100710
003 ES-MaACL
005 20230906182730.0
007 t|
008 051004s1973 sp ||||1| spa d
100 1 _aMateu Aragonés, José María.
_979001
245 1 0 _aAtlas de colposcopia... /
_cJosé María Mateu Aragonés; prólogo... Manuel Usandizaga.
260 _aBarcelona :
_bJims,
_c1973.
300 _aXV, 287 p. con 49 lám. neg. y col. :
_bil. ;
_c27 cm.
700 1 _aUsandizaga, Manuel.
_9112292
852 _aES-MaACL
_jC-52778
_bR.86053
999 _c100710
_d100710